Riconosci il Pokémon - Quiz n°309 - Statistics

Statistiche generali
  • Questo quiz è stato fatto 1 volte
  • Il punteggio medio è 3 su 10
Statistiche sulle risposte
Indizio Risposta % Corretto
Stadio evoluzione Forma Base
100%
Tipo Fuoco
100%
Generazione Quinta
100%
Altezza 0,6 m
0%
Peso 11,0 kg
0%
Tasso di cattura 190 (35.2%)
0%
Sesso 87.5% ♂, 12.5% ♀
0%
Tasso di allevamento Medio-Veloce
0%
Pokémon Pansear
0%
Abilità Voracità; Aiutofuoco
0%
Nessun quiz corrispondente trovato
Distribuzione punteggi
Percentuale di utenti per punteggio
Percentile per numero di risposta
I tuoi punteggi nel tempo
Non hai fatto questo quiz